Statistics for Fringe Characters by Initial

Click here to take the quiz!

General Stats

  • This quiz has been taken 152 times
  • The average score is 9 of 19

Answer Stats

HintAnswer% Correct
ODOlivia Dunham
98%
PBPeter Bishop
98%
WBWalter Bishop
98%
AFAstrid Farnsworth
82%
NSNina Sharp
74%
WBWilliam Bell
73%
PBPhilip Broyles
65%
CFCharlie Francis
58%
LLLincoln Lee
56%
DRJDavid Robert Jones
47%
JSJohn Scott
36%
HBHenrietta Bishop
33%
EBElla Blake
26%
RDRachel Dunham
26%
SWSam Weiss
19%
BFBrandon Fayette
15%
NLNick Lane
10%
TNThomas Newton
9%
SHStanford Harris
3%

Score Distribution

Percentile by Number Answered

Percent of People with Each Score

Your Score History

You have not taken this quiz